Who did Chelsea's 2013-14 signing's sign from - Statistics

General Stats
  • This quiz has been taken 451 times
  • The average score is 4 of 15
Answer Stats
Hint Answer % Correct
Nemanja Matic Benfica
69%
Mohamed Salah Basel
63%
Mark Schwarzer Fulham
59%
Andre Schurrle Bayer Leverkusen
42%
Josimar Quintero Barcelona
32%
Marco Van Ginkel Vitesse
31%
Kurt Zouma Saint Etienne
30%
Christian Atsu Porto
22%
Willian Anzhi Makhachkala
20%
Samuel Eto'o Anzhi Makhachkala
20%
Issiah Brown West Brom
19%
Maro Pasalic Hajduk Split
6%
Cristian Cuevas O'higgins
2%
Stipe Perica Zadar
2%
Bertrand Traore Jeunes Espoirs
1%
No matching quizzes found
Score Distribution
Percent of People with Each Score
Percentile by Number Answered
Your Score History
You have not taken this quiz